Mechanizirovannaja prokladka kabelej sviazi v ťaželych uslovijach /

Salvato in:
Dettagli Bibliografici
Autori principali: Kuzmenko, V.V (Autore), Maksimov, V.I (Autore), Rybakov, A.P (Autore)
Natura: Libro
Lingua:russo
Pubblicazione: Moskva : Radio i svjaz, 1987
Tags: Aggiungi Tag
Nessun Tag, puoi essere il primo ad aggiungerne!!

MARC

LEADER 00000nam a22000003a 4500
001 stu3921
005 20150617225810.1
008 930531s1987----xxr-----------------rus-d
040 |a STU  |b slo 
041 0 |a rus 
044 |a xxr 
080 |a 621.315.23 
100 1 |a Kuzmenko, V.V  |4 aut 
245 1 |a Mechanizirovannaja prokladka kabelej sviazi v ťaželych uslovijach /  |c [aut.] Kuzmenko,V.V.; Maksimov,V.I.; Rybakov,A.P 
260 |a Moskva :  |b Radio i svjaz,  |c 1987 
300 |a 160 s 
700 1 |a Maksimov, V.I  |4 aut 
700 1 |a Rybakov, A.P  |4 aut 
996 |b E63787  |c E*63787  |l EE05  |s P  |a 0  |w stu3921_0001